000 00313 a2200145 4500
001 171310
020 _a
040 _cMagnum
100 _aAndrade, Euclides Marques
240 1 0 _aE assim eles dancam a paz
_lpor
245 1 0 _aE assim eles dancam a paz
362 0 _a1899
697 _aIJ/GERAL
942 _cBK
999 _c171310
_d171310